|
|
|
|
| LEADER |
01045nam a2200265 a 4500 |
| 001 |
16884 |
| 003 |
BD-DhAAL |
| 005 |
20141107164349.0 |
| 008 |
141107s2006 ii b 001 0 eng |
| 010 |
|
|
|a 2006413512
|
| 020 |
|
|
|a 9848360182
|
| 020 |
|
|
|a 8170033063
|
| 040 |
|
|
|a DLC
|c DLC
|d DLC
|d BD-DhAAL
|
| 050 |
0 |
0 |
|a JQ636
|b .K54 2006
|
| 082 |
|
|
|2 22
|a 328.3/456
|
| 100 |
1 |
|
|a Khan, Mohammad Mohabbat,
|d 1949-
|9 5960
|
| 245 |
1 |
0 |
|a Dominant executive and dormant legislature :
|b executive-legislature relations in Bangladesh /
|c Mohammad Mohabbat Khan.
|
| 260 |
|
|
|a New Delhi ;
|a Dhaka :
|b South Asian Publishers ;
|b A H Development Publishing House,
|c c2006.
|
| 300 |
|
|
|a ix, 129 p. ;
|c 22 cm.
|
| 504 |
|
|
|a Includes bibliographical references (p. [121]-126) and index.
|
| 541 |
|
|
|e 16884
|
| 650 |
|
0 |
|a Executive-legislative relations
|z Bangladesh
|x History.
|9 5961
|
| 942 |
|
|
|2 ddc
|c BK
|
| 999 |
|
|
|c 33018
|d 33018
|
| 952 |
|
|
|0 0
|1 0
|2 ddc
|4 0
|6 328_345600000000000_KHA
|7 0
|9 43999
|a IGS
|b IGS
|c GEN
|d 2014-11-07
|l 0
|o 328.3456 KHA
|p 3010016884
|r 2014-11-07
|t 1
|w 2014-11-07
|y BK
|